000 00463nam a22001937a 4500
003 MPLRDC
005 20220104124354.0
008 210129b ||||| |||| 00| 0 eng d
020 _a957-679-174-X
082 _a868.71 DXH-7 c.2
100 _a戴小华
245 _a悔不过今生
_c
250 _a二版
260 _a
_b方智出版社
_c1994
300 _b
490 _a新浪漫主义. 6
650 _a马华文学
942 _cBK
_o868.71 DXH-7 c.2
999 _c18810
_d18800